| 000 | 00704nam a2200265Ia 4500 | ||
|---|---|---|---|
| 008 | 160803s9999 xx 000 0 und d | ||
| 020 | _a0 439437865 | ||
| 100 | _aMacdonald, Alan | ||
| 245 | _aScaredy mouse / | ||
| 245 | _cby Alan MacDonald ; illustrated by Tim Warnes. | ||
| 260 | _aNew York : | ||
| 260 | _bScholastic Inc. | ||
| 260 | _c2002 | ||
| 300 | _a[24] unnumbered pages : | ||
| 300 | _bcolor illustrations ; | ||
| 300 | _c24 x 27 cm. | ||
| 500 | _aOriginally published: Wilton, Connecticut : Tiger Tales, c2002. | ||
| 650 | _aCats -- | ||
| 650 | _aFear -- | ||
| 650 | _aMice -- | ||
| 650 | _xFiction. | ||
| 650 | _xFiction. | ||
| 650 | _xFiction. | ||
| 700 | _a290 | ||
| 999 |
_c299535 _d299535 |
||